Learning in Groups (Record no. 2748)
[ view plain ]
| 000 -LEADER | |
|---|---|
| fixed length control field | 00425nam a2200157Ia 4500 |
| 008 - FIXED-LENGTH DATA ELEMENTS--GENERAL INFORMATION | |
| fixed length control field | 230312s9999||||xx |||||||||||||| ||und|| |
| 020 ## - INTERNATIONAL STANDARD BOOK NUMBER | |
| International Standard Book Number | 0-7494-3091-5 |
| 082 ## - DEWEY DECIMAL CLASSIFICATION NUMBER | |
| Classification number | 302.3 |
| Item number | JAQ |
| 100 ## - MAIN ENTRY--PERSONAL NAME | |
| Personal name | David Jaques |
| 245 #0 - TITLE STATEMENT | |
| Title | Learning in Groups |
| 260 ## - PUBLICATION, DISTRIBUTION, ETC. | |
| Name of publisher, distributor, etc. | Routledge Falmer |
| Place of publication, distribution, etc. | London |
| Date of publication, distribution, etc. | 1984 |
| 300 ## - PHYSICAL DESCRIPTION | |
| Extent | 310 |
| 546 ## - LANGUAGE NOTE | |
| Language note | Eng. |
| 650 ## - SUBJECT ADDED ENTRY--TOPICAL TERM | |
| Topical term or geographic name entry element | Economics |
| Form subdivision | Theories about group behaviour, Research into group behaviour |
| 942 ## - ADDED ENTRY ELEMENTS (KOHA) | |
| Koha item type | BOOK |
No items available.
